00413nam a2200157Ia 4500008004100000082001000041100001900051245002800070260002900098300000800127365000600135520002900141630002800170650002900198730002800227100917s9999 xx 000 0 und d b46430 aElinore Havers aPonies Across The River bLutter worth pressc1970 a127 b0 aबालविभाग aPonies Across The River aबालविभाग aPonies Across The River